Giáo trình lập trình quản lý với Microsoft Access

Gồm: Tổng quan về Access 2007; Table - bảng dữ liệu; thao tác trên bảng dữ liệu; query - bảng truy vấn; form - biểu mẫu; report - báo biểu; macro; giới thiệu ngôn ngữ vba; làm việc với đối tượng trong access....

Volledige beschrijving

Bewaard in:
Bibliografische gegevens
Hoofdauteur: Huỳnh, Tôn Nghĩa
Andere auteurs: Trường Đại học Sư phạm Kỹ thuật Thành phố Hồ CHí Minh
Formaat: Boek
Taal:Undetermined
Gepubliceerd in: [k.x.đ] [k.x.đ] 2009
Onderwerpen:
Online toegang:http://lrc.tdmu.edu.vn/opac/search/detail.asp?aID=2&ID=29320
Tags: Voeg label toe
Geen labels, Wees de eerste die dit record labelt!
Thư viện lưu trữ: Trung tâm Học liệu Trường Đại học Thủ Dầu Một
LEADER 01082nam a2200217Ia 4500
001 TDMU_29320
008 210410s9999 xx 000 0 und d
082 |a 495.9227 
090 |b H531 
100 |a Huỳnh, Tôn Nghĩa 
245 0 |a Giáo trình lập trình quản lý với Microsoft Access 
245 0 |c Huỳnh Tôn Nghĩa 
260 |a [k.x.đ] 
260 |b [k.x.đ] 
260 |c 2009 
300 |a 276 tr.. 
520 |a Gồm: Tổng quan về Access 2007; Table - bảng dữ liệu; thao tác trên bảng dữ liệu; query - bảng truy vấn; form - biểu mẫu; report - báo biểu; macro; giới thiệu ngôn ngữ vba; làm việc với đối tượng trong access. 
650 |a Công nghệ thông tin  |x Lập trình  |x Phần mềm Access  
700 |a Trường Đại học Sư phạm Kỹ thuật Thành phố Hồ CHí Minh 
856 |u http://lrc.tdmu.edu.vn/opac/search/detail.asp?aID=2&ID=29320 
980 |a Trung tâm Học liệu Trường Đại học Thủ Dầu Một